00399nam a2200085Ia 4500008004100000245011000041260000900151300012100160650003200281180130s9999 xx 000 0 und d cRosner, YaelaPlaying in the shadow of the Holocaust: memories from a hiding place - a personal testimony c2014 aBook title: Play : psychoanalytic perspectives, survival and human development--Acession number C18636; pages 91-102 aPLAY--PSYCHOLOGICAL ASPECTS